Filippo De Pisis /
Uloženo v:
| Hlavní autor: | |
|---|---|
| Další autoři: | |
| Médium: | Kniha |
| Jazyk: | italština |
| Vydáno: |
Milano :
A. Martello,
stampa 1971
|
| Edice: | Disegnatori italiani
|
| Témata: | |
| Tagy: |
Žádné tagy, Buďte první, kdo vytvoří štítek k tomuto záznamu!
|
MARC
| LEADER | 00000nam a22000007i 4500 | ||
|---|---|---|---|
| 001 | IT\ICCU\SBL\0383219 | ||
| 003 | ItRI | ||
| 005 | 20250816005312.0 | ||
| 008 | 910930s1971 it |||||| ||||| |||||c | ||
| 015 | |2 IT |a 722105 | ||
| 040 | |b ita |c ct | ||
| 041 | 7 | |a ita |2 ISO-639-2 | |
| 082 | |a 741.945 |2 17 | ||
| 100 | 1 | |a De Pisis, Filippo |0 IT\ICCU\CFIV\006523 |4 aut | |
| 240 | 1 | 0 | |a Filippo De Pisis |9 De Pisis, Filippo |
| 245 | 1 | 0 | |a Filippo De Pisis / |c testo di Marco Valsecchi. |
| 260 | |a Milano : |b A. Martello, |c stampa 1971 | ||
| 300 | |a 31 p., [20] carte di tav. : |b in gran parte ill. ; |c 33 cm | ||
| 650 | 7 | |a De Pisis, Filippo |x Disegni |2 scbi | |
| 700 | 1 | |a Valsecchi, Marco, |d (1913-1980) |0 IT\ICCU\CFIV\018295 |4 edt | |
| 830 | 0 | |a Disegnatori italiani |0 IT\ICCU\CFI\0030502 | |
| 942 | |2 ddc |c BK | ||
| 952 | |0 0 |1 0 |2 ddc |4 0 |6 B_AGF01DEPFIFIL11 |7 0 |9 4891 |a MI |b MI |d 1987-07-16 |i 335 |l 0 |o B-AGF01-DEPFI-FIL11 |p CDOM335 |r 2025-07-07 11:14:18 |w 2025-07-07 |x ACQUISTO |y BK | ||
| 981 | 1 | |6 z01 |a i |b xxxe | |
| 982 | 1 | |6 z01 |a n | |
| 999 | |c 3848 |d 3848 | ||